00767nam a2200169 a 4500003000200000005001700002008004100019050002800060100002000088245015500108260009000263300004000353504004100393650008100434650003400515651004800549020250220093256.0110617s19uu xx 00 eng d aPHS DD 228.8b.B15 2011 aBago, Armina N. aThe contribution of the strategies used by Otto von Bismarck in the unification of Germany in making Germany into a powerful nation /cArmina N. Bago. aLas Piñas City, Philippines :bSouthville International School and Colleges,c2011. a21 pages :billustrations ;c28 cm. aIncludes bibliographical references. aBismarck, Otto, Prince of, 1815–1898xPolitical and diplomatic strategies. aStatecraftzGermanyxHistory. aGermanyxHistoryvUnification, 1864–1871.